South American Mammals Quiz Stats

 Plays Quiz Updated May 1, 2012

Also try: European Mammals
Challenge
Share
Tweet
Score 0/20 Timer 05:00
0 Plays Today
# South American Mammal % Correct
1Giant anteater
95.3%
11Orca
90.4%
18Galapagos fur seal
83.5%
4Amazonian manatee
81.8%
10Guanaco
81.2%
9Screaming hairy armadillo
80.2%
14Cougar
79.2%
8Maned sloth
77.6%
20Jaguar
72.4%
12Brazilian porcupine
68.5%
# South American Mammal % Correct
16Spectacled bear
68.4%
17Crab eating raccoon
64.7%
2Patagonian gray fox
64.2%
13Common squirrel monkey
62.4%
19Golden lion tamarin
61.2%
5Silvery marmoset
59.5%
6Long-tailed chinchilla
49.2%
3Capybara
48.7%
7Andean mountain cat
44.3%
15Kinkajou
6.8%

You're not logged in!

Compare scores with friends on all Sporcle quizzes.
Join for Free
OR
Log In

You Might Also Like...

Show Comments

Extras

Top Quizzes Today


Score Distribution

Your Account Isn't Verified!

In order to create a playlist on Sporcle, you need to verify the email address you used during registration. Go to your Sporcle Settings to finish the process.

Report this User

Report this user for behavior that violates our Community Guidelines.

Details: